The U.S. apparel industry : International challenge domestic response

Spremljeno u:
Bibliografski detalji
Format: Knjiga
Jezik:Undetermined
Izdano: Atlanta, Georgia CBA 1982
Teme:
Oznake: Dodaj oznaku
Bez oznaka, Budi prvi tko označuje ovaj zapis!
Thư viện lưu trữ: Trung tâm Học liệu Trường Đại học Cần Thơ
LEADER 00534nam a2200193Ia 4500
001 CTU_43163
008 210402s9999 xx 000 0 und d
082 |a 381.45687 
082 |b U58 
245 4 |a The U.S. apparel industry : 
245 0 |b International challenge domestic response 
245 0 |c Jeffrey S Arpan ...[et al.] 
260 |a Atlanta, Georgia 
260 |b CBA 
260 |c 1982 
650 |a United States 
650 |x Commerce 
904 |i Minh, 010830 
980 |a Trung tâm Học liệu Trường Đại học Cần Thơ